|
|
|
|
| LEADER |
00793cam a2200253 7i4500 |
| 001 |
0000034062 |
| 005 |
20170303090000.0 |
| 007 |
##ta |
| 008 |
170303s2015 enk b 000 eng d |
| 020 |
# |
# |
|a 9781782433750
|
| 040 |
# |
# |
|a StDuBDS
|
| 090 |
0 |
0 |
|a B 650.1
|b SMI
|
| 100 |
1 |
# |
|a Smith, Daniel,
|d 1976-
|e author
|
| 245 |
1 |
0 |
|a HOW TO THINK LIKE BILL GATES
|c DANIEL SMITH.
|
| 264 |
# |
1 |
|a London:
|b Michael O'Mara Books Limited,
|c 2015.
|
| 300 |
# |
# |
|a xx, 203 pages;
|c 21 cm.
|
| 336 |
# |
# |
|a text
|2 rdacontent
|
| 337 |
# |
# |
|a unmediated
|2 rdamedia
|
| 338 |
# |
# |
|a volume
|2 rdacarrier
|
| 504 |
# |
# |
|a Includes bibliographical references
|
| 600 |
1 |
0 |
|a Gates, Bill,
|d 1955-
|
| 650 |
# |
0 |
|a Success in business
|
| 650 |
# |
0 |
|a Creative ability in business
|
| 999 |
|
|
|a 0000037093
|b Book
|c Book
|e Business Information Centre
|